| 000 | 00303nam a2200109Ia 4500 | ||
|---|---|---|---|
| 008 | 230907s9999||||xx |||||||||||||| ||und|| | ||
| 082 |
_a670.42 _bKHU |
||
| 245 | 2 | _aA textbook of workshop technology (Manufacturing processes) / | |
| 260 |
_aS. Chand, _bNew Delhi : _c2015 |
||
| 300 | _a551 p. | ||
| 942 | _cBK | ||
| 999 |
_c600205 _d600205 |
||